000 00404nam a22001457a 4500
003 OSt
005 20240403110243.0
008 240403b |||||||| |||| 00| 0 eng d
040 _cCentral Library MRSPTU
100 _aDr. Naresh
245 _aKasturi Kundal Base (ਕਸਤੂਰੀ ਕੁੰਡਲਿ ਬਸੈ)
260 _aNew Delhi
_bVirsat Publications
_c2022
300 _a222
942 _2ddc
_cBK
_n0
999 _c9955
_d9955